| 000 | 01090cam a22002651 4500 | ||
|---|---|---|---|
| 001 | 1159 | ||
| 005 | 20230825153804.0 | ||
| 008 | 790226s1946 nyu j 000 0 eng | ||
| 020 | _a033500713002 | ||
| 040 |
_aDLC _cNmLcU _dDLC _beng |
||
| 050 | 0 | 0 |
_aPZ10.3.S3 _bSh |
| 082 | _aFic | ||
| 100 | 1 | _aSchurr, Cathleen. | |
| 245 | 1 | 4 |
_aThe shy little kitten; _cpictures by Gustaf Tenggren, story by Cathleen Schurr. |
| 260 |
_aNew York, _bWestern Publishing Company , Inc., _c1946. |
||
| 300 |
_a23 unnumbered pages: _bColors, Illustrations. _c21 cm |
||
| 490 | 0 | _aThe Little golden book | |
| 505 | _aF | ||
| 520 | _aOne beautiful day, a shy little kitten embarks on a journey filled with adventure! In the course of her wanderings, she meets an interesting and often amusing collection of fellow creatures. The Shy Little Kitten, with illustrations by the renowned Gustaf Tenggren. | ||
| 521 |
_a300
_bLexile |
||
| 521 |
_aF
_bRaz-Plus |
||
| 700 | 1 |
_aTenggren, Gustaf, _d1896-1970, _eillustrator. |
|
| 906 |
_a7 _bcbc _coclcrpl _du _encip _f19 _gy-gencatlg |
||
| 942 |
_2ddc _cBK _n0 |
||
| 999 |
_c1159 _d1159 |
||